| 000 | 00809nam a22002177a 4500 | ||
|---|---|---|---|
| 999 |
_c13366 _d13366 |
||
| 008 | 190308b ||||| |||| 00| 0 eng d | ||
| 020 | _a9789004266827 | ||
| 082 |
_22014 _aAV-Eb 355.37095 _bF873 |
||
| 100 |
_aFrench, Thomas. _937340 |
||
| 245 |
_aNational Police Reserve: _bthe origin of Japan's self defense forces / _cThomas French. |
||
| 250 | _aFirst Edition | ||
| 260 |
_aUSA: _bBRILL, _c©2014. |
||
| 300 | _a330 pages; | ||
| 500 | _aIncludes index. | ||
| 650 |
_aJapan -- Armed Forces -- History -- 20th century. _937341 |
||
| 650 |
_aJapan -- Defenses -- History -- 20th century. _937342 |
||
| 650 |
_aPolice -- Japan -- History. _937343 |
||
| 700 |
_aFrench, Thomas. _937340 |
||
| 856 | _yhttps://ebookcentral.proquest.com/lib/uniofmindanao-ebooks/detail.action?docID=1730318 | ||
| 942 |
_2ddc _cEB |
||